Normal view
MARC view
- خضير،ضياء تأليف
Entry Personal Name
001 - CONTROL NUMBER
- control field: 19386
003 - CONTROL NUMBER IDENTIFIER
- control field: JO-AjAnu
005 - DATE AND TIME OF LATEST TRANSACTION
- control field: 20230606073405.0
008 - FIXED-LENGTH DATA ELEMENTS
- fixed length control field: 230606|| aca||aabn | a|a d
040 ## - CATALOGING SOURCE
- Original cataloging agency: JO-AjAnu
- Transcribing agency: JO-AjAnu
100 ## - HEADING--PERSONAL NAME
- Personal name: خضير،ضياء تأليف
670 ## - SOURCE DATA FOUND
- Source citation: Work cat.: (JO-AjAnu)9957: خضير،ضياء تأليف, author, التشكيل التاريخي الكاذب:قراءة في بعض إشكالات النقد والابداع العربي الحديث